Normal view
MARC view
- Weiner, Richard
Entry Personal Name
001 - CONTROL NUMBER
- control field: 119895
003 - CONTROL NUMBER IDENTIFIER
- control field: NUST
005 - DATE AND TIME OF LATEST TRANSACTION
- control field: 20240117123534.0
008 - FIXED-LENGTH DATA ELEMENTS
- fixed length control field: 240117|| aca||aabn | a|a d
040 ## - CATALOGING SOURCE
- Original cataloging agency: NUST
- Transcribing agency: NUST
100 ## - HEADING--PERSONAL NAME
- Personal name: Weiner, Richard
670 ## - SOURCE DATA FOUND
- Source citation: Work cat.: (NUST)175230: Weiner, Richard,, Webster's New World dictionary of media and communications /, c1990.
